=LDR 00000nam 2200000 4500 =001 INLIS000000000014175 =005 20141003103933.0 =006 =007 =008 Ind =035 ##$$a 0010-061300000014175 =041 ##$$a Ind =082 ##$$a 650 =090 ##$$a 650, Kas s =100 ##$$a Kasmir =245 ##$$a Studi kelayakan bisnis, Kasmir, Jakfar =260 ##$$a 2004 $b Jakarta =300 ##$$a x, 356 hlm, Ilus, 23 cm =650 ##$$a Bisnis =700 ##$$a Jakfar =850 ##$$a NBPNMAT =990 ##$$a 14261426